| 000 | 00573cam a2200217 4500 | ||
|---|---|---|---|
| 001 | 1237882 | ||
| 005 | 20180813074605.0 | ||
| 008 | 730221s1972 ilua b 001 0 eng | ||
| 010 | _a 70165964 | ||
| 020 | _a0815187246 | ||
| 040 |
_aDLC _cDLC _dDLC |
||
| 041 | _aeng | ||
| 080 | _a616.12 TAV | ||
| 082 | 0 | 0 | _a616.12 TAV |
| 100 | 1 | _a7 | |
| 101 | _aKAR | ||
| 245 | 1 | 0 |
_aClinical phonocardiography and external pulse recording _c[by] Morton E. Tavel. |
| 504 | _aBibliography: p. 293-309. | ||
| 906 |
_a7 _bcbc _corignew _d2 _encip _f19 _gy-gencatlg |
||
| 942 |
_2ddc _cBK |
||
| 999 |
_c47051 _d47051 |
||